Регионална библиотека "Любен Каравелов" - Русе

Основания за поезия и основание за критика (Запис номер 111871)

MARC детайли
000 -Лидер
Контролно поле с фиксирана дължина 01557nam a2200385 c 4500
003 - Код на организацията, давaща контролен номер
Контролно поле BLK
005 - Дата и час на последна редакция
Контролно поле 20180422110046.0
008 - Елементи от данни с фиксирана дължина
fixed length control field 180409b bul|||||r ||||||| ||bul||
010 ## - Наследен системен номер
LC control number KNG00117223000
020 ## - Международен стандартен номер на книга ISBN
Международен стандартен номер на книга ISBN 954-8748-43-6
-- издат.: Орфей
040 ## - Източник на каталожния запис
Идентификатор на билиотеката - собственик на записа BLK
041 ## - Код за език
Код за езика на текст/звукозапис или на отделно заглавие Български
Код за езика КДБФ Български
080 ## - УДК
Текстов определител УДК Литература
УДК код - определител по УДК 82
УДК определител -1.01
УДК - код + определител 82-1.01
080 ## - УДК
Текстов определител УДК Литература
УДК код - определител по УДК 82
УДК определител .09
УДК - код + определител 82.09
100 1# - Редна дума - Автор
Автор Мередит, Уйлям Уйлям
Авторска отговорност първи автор
R(LIN) 267171
139 ## - Редно поле
Редна дума Мередит, Уйлям Уйлям
Авторски знак Мер - М 49
245 10 - Сведения за заглавието
Заглавие Основания за поезия и основание за критика
Редно поле (дума) Уйлям Уйлям Мередит; прев. от англ. Валентин Кръстев.
257 ## - Страна на издаване
Страна на създаване/издаване Съединени американски щати
260 ## - Област на издателските данни
-- София
Име на издателя, разпространителя и проч. Орфей
Година на издаване 2003
Печатница София : Унив. изд. Св. Климент Охридски
300 ## - Физическа характеристика
Страници 46 с.
Размери/Мащаб 21 см
380 ## - Жанр
Жанр Литературознание
500 ## - Общи забележки
Забележка Съдържа и Уилям Мередит - един янки в двора на Родопа / Любомир Левчев. - Офс. изд. - 300 тир.
650 #4 - Допълнително описание по предмет – тема
Основно описание – тема или топоним Поезия
9 (RLIN) 166642
650 #4 - Допълнително описание по предмет – тема
Основно описание – тема или топоним Поетика
9 (RLIN) 166751
650 #4 - Допълнително описание по предмет – тема
Основно описание – тема или топоним Литературна критика
9 (RLIN) 259009
653 ## - Ключова дума – ненормативна
Ключова дума поетика
653 ## - Ключова дума – ненормативна
Ключова дума теории
653 ## - Ключова дума – ненормативна
Ключова дума литературна критика
700 1# - Други автори (авторска отговорност)
Лично име Кръстев, Валентин
Автороска отговорност (Описва отношението между автора и произведението) прев. от англ.
9 (RLIN) 363643
852 ## - Местоположение
Форматна сигнатура Цб 223682
856 4# - Електронен адрес и достъп
Електронен формат pdf - файл
Път до файла /url/
856 4# - Електронен адрес и достъп
Електронен формат pdf - файл
Път до файла /url/
942 ## - АРТИКУЛИ
Вид на библиотечния материал Книги
Скрит в OPAC Не
944 ## - СЪЗДАВАНЕ И РЕДАКЦИЯ на ЗАПИСА
Създаване/Редакция Създаване
Дата на регистрацията/редакция 25.04.2005
Служител, извършил регистрацията/редакцията Геновева_Генчева
944 ## - СЪЗДАВАНЕ И РЕДАКЦИЯ на ЗАПИСА
Създаване/Редакция Редакция
Дата на регистрацията/редакция 02.06.2005
Служител, извършил регистрацията/редакцията
999 ## - СИСТЕМНИ КОНТРОЛНИ НОМЕРА
Koha biblionumber 111871
Koha biblioitemnumber 111871
Наличности
Код за отписване Код за изгубен артикул Код за повреда Коз за рестрикции Код за отдаване Артикулен № Име на библиотеката - собственик Име на библиотеката, в която се намира в момента Статус (Текущо местоположение) Дата на вписване в системата Местоположение - отдел Цена в лева Инвентарен номер Систематично азбучна сигнатура Баркод Номер на екземпляра Цена в евро Служебна бележка Служебен тип на артикула
  Не е изгубен Не е повреден без рестрикции ползва се в читалня 179548 Регионална библиотека "Любен Каравелов" Русе Регионална библиотека "Любен Каравелов" Русе Хранилище 2005-05-16 Хранилище 0.00 120000694204 Цб 223682 120000694204 1 0.00 Дост: Dp Вид: Д N: 26 Дата: 16.06.2004 Книги
Vip Innovations Ltd, Rousse, Bulgaria 2025